000 00894nmm a2200277 a 4500
001 ocm000607280
003 TR-IsHL
005 20201028133953.0
008 131121s2002 tu tur
007 cr cn
020 _a9789756628409
035 _a607280
_b(N$T)
050 0 4 _aB740
_b.N83 2002
090 0 4 _aB740
_b.N83 2002
100 1 _aNuayme, Mihail
245 1 0 _aEy insanoğlu
_h[electronic resource] /
_cMihail Nuayme ; çev. Eyyüp Tanrıverdi
260 _aİstanbul :
_bAnka Yayınları,
_c2002
300 _a128 p.
650 4 _aFelsefe, Psikoloji ve Din
650 4 _aPhilosophy, Psychology and Religion
650 0 _aArap edebiyatı
650 0 _aArabic literature
650 7 _aLITERARY CRITICISM / Middle Eastern
_2bisacsh
700 1 _aTanrıverdi, Eyyüp
856 4 0 _uhttp://search.ebscohost.com/login.aspx?direct=true&scope=site&db=e011xww&AN=607280
999 _c5932
_d5932